|
|
|
|
| LEADER |
00000nam a22000007a 4500 |
| 005 |
20220408212354.0 |
| 007 |
cr|||| |||| |
| 008 |
220408s2020 br |||||s|||| 00||0 por d |
| 020 |
|
|
|a 978-85-301-0201-2
|
| 035 |
|
|
|a 36044
|
| 040 |
|
|
|a vLex
|
| 090 |
|
|
|c 13138
|d 13138
|
| 100 |
1 |
|
|a de Almeida Monteiro Lemos, Maria Cecilia
|
| 245 |
1 |
1 |
|a O dano existencial nas relaė̳s de trabalho intermitentes
|h [Recurso electrn̤ico] :
|b Reflexe̳s na Perspectiva do Direito Fundamental ao Trabalho Digno /
|c Maria Cecilia de Almeida Monteiro Lemos
|
| 256 |
|
|
|a Servicio en ln̕ea
|
| 260 |
|
|
|a San Pablo:
|b LTR,
|c 2020
|
| 300 |
|
|
|a 1 recurso electrn̤ico
|
| 500 |
|
|
|a Ao debruȧr-se sobre o tema dano existencial a partir das consequn̊cias do contrato de trabalho intermitente para a vida de relaė̳s e o projeto de vida dos trabalhadores, a obra destaca a necessidade de garantia de trabalho digno e do direito fundamental ̉limitaȯ̂ de jornada para estes trabalhadores precarizados.
|
| 506 |
1 |
|
|a Disponible solo en los productos indicados
|d vLex Global
|d vLex Global (Academic Edition, excluding Law Schools)
|d vLex Global (U.S. Academic Edition, Law Schools)
|d vLex Global (U.S. Academic Edition, excluding Law Schools)
|d vLex Global (Academic Edition, Law Schools)
|
| 650 |
0 |
4 |
|a Derecho Laboral y Seguridad Social
|z Brasil
|
| 740 |
0 |
|
|a vLex Libros (Servicio en ln̕ea)
|
| 856 |
4 |
0 |
|u https://app.vlex.com/#/sources/36044
|z Acceso restringido
|
| 942 |
|
|
|c BOOK
|
| 999 |
0 |
|
|a Labor law and social security
|